000
00198nam a2200085Ia 4500
008
120527s9999 xx 000 0 und d
100
_a
DUTTA,A.C.
245
_a
Botany(for degree Students)
942
_c
BK
999
_c
23518
_d
23518